000 00734nam a22002417a 4500
003 UA-OsUOA
001 83729
007 ta
008 20120425b un ||||| |||| 00| 0 ukr d
100 _aПономаренко О.В.
090 _a913(450):811.131.1
_bП56
942 _cBK
040 _aUA-OsUOA
_bukr
_cUA-OsUOA
_dUA-OsUOA
245 _aІталія та її області
_bнавчальний посібник із лінгвокраїнознавства Італії
300 _a239 с.
955 _a2
041 _aukr
080 _a913(450):811.131.1
020 _a978-966-439-240-9
260 _aК.
_bВПЦ "КУ"
_c2011
650 7 _a913 Регіональна географія
_2UDC
999 _c370043
_d370043